India and Tibet: A history of the relations wich have subsisted between the two countries from the time of Warren Hastings to 1910; with a particular account of the mission to Lhasa of 1904. By Sir Francis Younghusband, K. C. I. E. With maps and illustrations

Zapisane w:
Opis bibliograficzny
1. autor: Younghusband, Francis (Autor)
Format: Książka
Język:angielski
Wydane: Londres John Murray, Albemarle street, W. 1910
Wydanie:1a. ed
Hasła przedmiotowe:
Etykiety: Dodaj etykietę
Nie ma etykietki, Dołącz pierwszą etykiete!

MARC

LEADER 00000nam a2200000 a 4500
001 UCJ4917
003 CL-VaPUC
008 070124e19100907UK |||||||||||||||||eng|d
082 0 4 |a 910.4  |b YOU  |2 21 
100 0 |a Younghusband, Francis  |e author  |9 509443 
245 1 0 |a India and Tibet: A history of the relations wich have subsisted between the two countries from the time of Warren Hastings to 1910; with a particular account of the mission to Lhasa of 1904. By Sir Francis Younghusband, K. C. I. E. With maps and illustrations 
250 |a 1a. ed 
300 |a xvi, 455 p 
942 |c BK 
945 |d 20070124 00:00:00  |a rinostro 
260 |a Londres  |b John Murray, Albemarle street, W.  |c 1910 
500 |a Front., fotografía del Dalai Lama, en 1910; fotografías y dos mapas conforme a lo señalado en el índice 
600 0 7 |a HASTINGS, WARREN  |2 CL-VaPUC  |9 509444 
650 0 |a Viajes  |9 257115 
650 7 |a COLONIALISMO INGLES  |2 CL-VaPUC  |9 507148 
650 7 |a IMPERIALISMO CHINO  |2 CL-VaPUC  |9 509445 
650 0 |a Guerras  |9 255273 
650 0 |a Gobierno   |9 255508 
650 0 |a Diplomacia  |9 256483 
650 7 |a DOCUMENTOS  |2 CL-VaPUC  |9 366450 
650 7 |a TRATADOS  |2 CL-VaPUC  |9 509446 
650 0 |a Comercio  |9 255341 
650 0 |a Ilustraciones  |9 369481 
650 0 |a Mapas  |9 260844 
650 0 |a Iconografía   |9 267998 
651 0 |a China   |9 257545 
651 0 |a India  |9 267804 
651 7 |a TIBET  |2 CL-VaPUC  |9 324206 
651 7 |a NEPAL  |2 CL-VaPUC  |9 351405 
651 7 |a LHASA  |2 CL-VaPUC  |9 507143 
583 |a last modification  |c 20070124 00:00:00  |k Rodrigo Vera 
999 |c 321032  |d 321030 
952 |0 0  |1 0  |4 0  |6 910_400000000000000_YOU_1910  |7 0  |8 X  |9 399689  |a FDOBUD  |b FDOBUD  |d 2019-11-22  |i 1027727  |o 910.4 YOU 1910  |p 1027727  |r 2019-11-22  |w 2019-11-22  |y BK_X  |k BUD